Globálna revolúcia hypermarketového retailu

Nadchádzajúce zmeny a smery rozvoja hypermarketov v oblastiach Ázie a Pacifiku, západnej Európy, strednej a východnej Európy, strednej a južnej Ameriky a Afriky. Vývoj a charakteristika nových formátov obchodu.

Salvato in:
Dettagli Bibliografici
Natura: Capitolo di libro
Lingua:slovacco
Soggetti:
Tags: Aggiungi Tag
Nessun Tag, puoi essere il primo ad aggiungerne!!

MARC

LEADER 00000naa a2200000 4500
001 r045834
005 20231002114506.8
041 0 |a slo 
044 |a SK 
245 1 0 |a Globálna revolúcia hypermarketového retailu 
520 |a Nadchádzajúce zmeny a smery rozvoja hypermarketov v oblastiach Ázie a Pacifiku, západnej Európy, strednej a východnej Európy, strednej a južnej Ameriky a Afriky. Vývoj a charakteristika nových formátov obchodu. 
610 2 0 |a hypermarkety 
610 2 0 |a vývoj 
610 2 0 |a Ázia 
610 2 0 |a stredná Európa 
610 2 0 |a východná Európa 
610 2 0 |a západná Európa 
610 2 0 |a Stredná Amerika 
610 2 0 |a Južná Amerika 
610 2 0 |a Afrika